Handbook of industrial mixing: science and practice

Saved in:
Bibliografiske detaljer
Andre forfattere: Paul, Edward L. (Editor), Atiemo-Obeng, Victor A. (Editor), Kresta, Suzanne M. (Editor)
Format: Bog
Sprog:engelsk
Udgivet: Hoboken Wiley Interscience 2004
Fag:
Tags: Tilføj Tag
Ingen Tags, Vær først til at tagge denne postø!

MARC

LEADER 00000cam a2200000 a 4500
001 UCE5648
003 CL-VaPUC
005 20230322170430.0
008 150305e20040000us |||||||||||||||||eng|d
999 |c 358300  |d 358298 
020 |a 9780471269199 
040 |c Pontificia Universidad Católica de Valparaíso 
082 0 4 |a 660.284292  |b PAU  |2 21 
100 |a Paul, Edward L.  |e editor  |9 578323 
245 1 0 |a Handbook of industrial mixing: science and practice 
260 |a Hoboken  |b Wiley Interscience  |c 2004 
300 |a 1377 p 
500 |a Incluye CD 
583 |a last modification  |c 20150305 12:52:00  |k Rodrigo Vera 
650 7 |a MEZCLAS  |2 CL-VaPUC  |9 350626 
650 7 |a OPERACIONES INDUSTRIALES  |2 CL-VaPUC  |9 578326 
650 7 |a PLANTAS QUIMICAS  |2 CL-VaPUC  |9 336641 
650 0 |a Reacciones químicas  |9 259438 
650 0 |a Manuales  |9 257144 
700 0 |a Atiemo-Obeng, Victor A.  |e editor  |9 880892 
700 0 |a Kresta, Suzanne M.  |e editor  |9 880893 
942 |c BK  |2 ddc 
945 |d 20150305 12:52:00  |a cmena 
952 |0 0  |1 0  |3 erd  |4 0  |6 660_284292000000000_PAU_2004  |7 0  |8 A  |9 466930  |a BIBING  |b BIBING  |i 5138671  |o 660.284292 PAU 2004  |p 5138671  |r 2025-01-20  |w 2019-11-23  |y BK  |z Catalogado en:20150305  |k EIB 
952 |0 0  |1 0  |3 erd  |4 0  |6 660_284292000000000_PAU_2004  |7 0  |8 A  |9 466931  |a BIBING  |b BIBING  |i 513868K  |o 660.284292 PAU 2004  |p 513868K  |r 2025-01-20  |w 2019-11-23  |y BK  |z Catalogado en:20150305  |k EIB